000 00793nam a22002297a 4500
005 20110816103918.0
008 110816t xxu||||| |||| 00| 0 eng d
010 _aENG-103300
020 _a9788172087814
_c123.00
035 _aEN-86833
037 _bDBAD/PUB
040 _aDPL
_bEnglish
082 _a230.35
100 _932824
_aRao, M.N.
245 _aGod & his gospel /
_cby M.N. Rao
260 _aPrasanthi Nilayam
_bSri Sathya Sai Sadhana Trust
_c2010
270 _aSri Sathya Sai Sadhana Trust
_bPrasanthi Nilayam
_e515134
300 _a291p.
_c22cm (pbk)
700 _932825
942 _2ddc
_cEN
_h230.35
_mRAO
999 _c55385
_d55385